=LDR 00000nam 2200000 4500 =001 INLIS000000000019206 =005 20130612114311 =008 ***********************************Ind** =035 ##$$0010-061300000019206 =041 ##$$a Ind =090 ##$$a 613.7, Lal y =100 ##$$a Laluani, Vemla =245 ##$$a Yoga untuk keharmonisan keluarga, Vunla Lalvam =260 ##$$a [20..?] $b Jakarta =300 ##$$a 127 hlm, ilus, 27 cm =650 ##$$a Yoga =850 ##$$a NBPNMAT